000 00652nam a2200229 u 4500
005 20240228064335.0
008 190225s2006 es r 000 0 spa d
020 _a8484123758
035 _aUPN01000229269
049 _aI
050 4 _aPZ75
_bR5.3
100 1 _aRío, Carmina del
_932941
245 1 0 _aEn el aula /
_cCarmina del Río.
260 _aBarcelona, Esp. :
_bSalvatella,
_c2006.
300 _a32 p. :
_bil. col.
440 0 _aNuestras obligaciones ;
_v1
650 4 _aLibros y lectura para niños
_92290
650 4 _aRESPONSABILIDAD INFANTIL
_98478
650 4 _aDisciplina escolar
_91521
905 _aInfantil
999 _c201364
_d201364